书目信息 |
| 题名: |
唐代传奇小说
|
|
| 作者: | 王欢 编著 | |
| 分册: | ||
| 出版信息: | 长春 吉林文史出版社 2010.03 |
|
| 页数: | 120页 | |
| 开本: | 23cm | |
| 丛书名: | 中国文化知识读本 | |
| 单 册: | ||
| 中图分类: | I207.41 | |
| 科图分类: | ||
| 主题词: | 传奇小说--文学研究--中国--唐代 | |
| 电子资源: | ||
| ISBN: | 978-7-5463-1984-1 | |
| 000 | 00836nam 2200253 450 | |
| 001 | 004708473 | |
| 005 | 20100812155920.28 | |
| 010 | @a978-7-5463-1984-1@dCNY22.00 | |
| 100 | @a20100515d2010 em y0chiy50 ea | |
| 101 | 0 | @achi |
| 102 | @aCN@b220000 | |
| 105 | @aa z 000yy | |
| 200 | 1 | @a唐代传奇小说@Atang dai chuan qi xiao shuo@f王欢编著@Fwang huan bian zhu |
| 205 | @a第2版 | |
| 210 | @a长春@c吉林文史出版社@d2010.03 | |
| 215 | @a120页@c图@d23cm | |
| 225 | 2 | @a中国文化知识读本 |
| 330 | @a本书对唐代传奇小说进行了研究,分为六部分,内容包括:大唐盛世铸传奇,人生百态尽其中;香消玉殒薄命女,背信弃义负心郎;江州司马歌长恨等。 | |
| 410 | 0 | @12001 @a中国文化知识读本 |
| 606 | 0 | @a传奇小说@x文学研究@y中国@z唐代 |
| 690 | @aI207.41@v4 | |
| 701 | 0 | @a王欢@Awang huan@4编著 |
| 801 | 0 | @c20100515 |
| 905 | @dI207.41@eW215=2@f5 | |
| 唐代传奇小说/王欢编著.-第2版.-长春:吉林文史出版社,2010.03 |
| 120页:图;23cm.-(中国文化知识读本) |
| ISBN 978-7-5463-1984-1:CNY22.00 |
| 本书对唐代传奇小说进行了研究,分为六部分,内容包括:大唐盛世铸传奇,人生百态尽其中;香消玉殒薄命女,背信弃义负心郎;江州司马歌长恨等。 |
| ● |
| 相关链接 |
|
|
|
正题名:唐代传奇小说
索取号:I207.41/W215=2
 
预约/预借
| 序号 | 登录号 | 条形码 | 馆藏地/架位号 | 状态 | 备注 |
| 1 | 1025478 | 210254785 | 文学库108/108文学库 9排5列4层/ [索取号:I207.41/W215=2] | 在馆 | |
| 2 | 1025479 | 210254794 | 文学库108/108文学库 9排5列4层/ [索取号:I207.41/W215=2] | 在馆 | |
| 3 | 1025480 | 210254801 | 文学库108/108文学库 9排5列4层/ [索取号:I207.41/W215=2] | 在馆 | |
| 4 | 1025481 | 210254810 | 文学库108/108文学库 9排5列4层/ [索取号:I207.41/W215=2] | 在馆 | |
| 5 | 1025482 | 210254829 | 文学库108/108文学库 9排5列4层/ [索取号:I207.41/W215=2] | 在馆 |